Mercury Manual 1956
Gespeichert in:
| Format: | Buch |
|---|---|
| Sprache: | Spanisch |
| Veröffentlicht: |
Dearborn
División Ford Internacional
1956
|
| Schlagworte: | |
| Tags: |
Tag hinzufügen
Keine Tags, Fügen Sie den ersten Tag hinzu!
|
MARC
| LEADER | 00000nam a2200000 a 4500 | ||
|---|---|---|---|
| 001 | UCU6508 | ||
| 003 | CL-VaPUC | ||
| 008 | 960621e19560000us |||||||||||||||||spa|d | ||
| 082 | 0 | 4 | |a 629.254 |b MER |2 21 |
| 245 | 1 | 0 | |a Mercury Manual 1956 |
| 300 | |a 438 p | ||
| 942 | |c BK | ||
| 945 | |d 19960621 00:00:00 |a cmena | ||
| 260 | |a Dearborn |b División Ford Internacional |c 1956 | ||
| 650 | 0 | |a Electrónica |9 263192 | |
| 650 | 0 | |a Automóviles |9 260871 | |
| 650 | 0 | |a Tecnología electrónica |9 334386 | |
| 650 | 0 | |a Electrónica |9 263192 | |
| 650 | 7 | |a TUBOS ELECTRONICOS |2 CL-VaPUC |9 364735 | |
| 650 | 0 | |a Circuitos electrónicos |9 260204 | |
| 650 | 7 | |a TECNOLOGIA AUTOMOVILISTICA |2 CL-VaPUC |9 358675 | |
| 583 | |a last modification |c 20171114 11:11:54 |k Rodrigo Vera | ||
| 999 | |c 249394 |d 249392 | ||
| 952 | |0 0 |1 0 |4 0 |6 629_254000000000000_MER_1956 |7 0 |8 A |9 266634 |a BIBING |b BIBING |d 2019-11-19 |i 1693212 |o 629.254 MER 1956 |p 1693212 |r 2025-01-20 |w 2019-11-19 |y BK |k CCL | ||